Kpop groups sudden death - Statistics

General Stats
  • This quiz has been taken 348 times
  • The average score is 7 of 18
Answers on the Grid
Answers color-coded by a green-red scale on the quiz's grid according to % correct below.
highlight
fromis_8
bts
aimers
the girlz
once
ikons
fearless
red velvet
ini
mammamo
day 8
nct v
one pact
cnblue
exo
onewe
pink punk
mblaq
riise
s.e.s.
miss a
fiestar
wonder womans
get7
gfriend
vixx
btbob
txt
2en1
f(x)
up10tion
 
Answer Stats
Answer % Correct
bts
86%
red velvet
70%
txt
55%
exo
54%
f(x)
46%
gfriend
46%
highlight
43%
miss a
40%
s.e.s.
36%
vixx
35%
cnblue
27%
onewe
27%
one pact
24%
fiestar
19%
up10tion
19%
mblaq
17%
aimers
16%
ini
11%
No matching quizzes found
Score Distribution
Percent of People with Each Score
Percentile by Number Answered
Your Score History
You have not taken this quiz